Vehicular access over common land (Record no. 117376)
[ view plain ]
| 000 -LEADER | |
|---|---|
| fixed length control field | 01310cam a2200253 4500 |
| 001 - CONTROL NUMBER | |
| control field | WB4019-16 |
| 008 - FIXED-LENGTH DATA ELEMENTS--GENERAL INFORMATION | |
| fixed length control field | 040519n2004 000 0 eng u |
| 035 ## - SYSTEM CONTROL NUMBER | |
| System control number | (Sirsi) u126237 |
| 245 ## - TITLE STATEMENT | |
| Title | Vehicular access over common land |
| 260 ## - PUBLICATION, DISTRIBUTION, ETC. | |
| Date of publication, distribution, etc. | 2004 |
| 490 ## - SERIES STATEMENT | |
| Series statement | DEFRA News Release |
| Volume/sequential designation | (186/04) 18 May 2004 (2) |
| 520 ## - SUMMARY, ETC. | |
| Summary, etc. | DEFRA gives informal guidance on the recent HL judgment in Brandwood and others v Bakewell Management Ltd ([2003] EWCA Civ 23). The case overturns the judgment in the Hanning v Top Deck Travel ([1994] 68 P&CR 14) and means that many more people will be able to claim a prescriptive right of vehicular access. Where such a right exists, no application for a statutory easement under S68 of the Countryside and Rights of Way Act 2002 is necessary. For the full judgment: http://www.publications.parliament.uk/pa/ld200304/ ldjudgmt/jd040401/bake-1.htm For the DEFRA news release: http://www.defra.gov.uk/news/2004/040518a.htm |
| 590 ## - LOCAL NOTE (RLIN) | |
| Local note | WB |
| 590 ## - LOCAL NOTE (RLIN) | |
| Local note | WB |
| 650 ## - SUBJECT ADDED ENTRY--TOPICAL TERM | |
| Topical term or geographic name entry element | VEHICULAR ACCESS |
| 650 ## - SUBJECT ADDED ENTRY--TOPICAL TERM | |
| Topical term or geographic name entry element | BAKEWELL MANAGEMENT LTD V BRANDWOOD AND OTHERS |
| 650 ## - SUBJECT ADDED ENTRY--TOPICAL TERM | |
| Topical term or geographic name entry element | HANNING V TOP DECK TRAVEL |
| 650 ## - SUBJECT ADDED ENTRY--TOPICAL TERM | |
| Topical term or geographic name entry element | COUNTRYSIDE AND RIGHTS OF WAY ACT 2000 |
| 650 ## - SUBJECT ADDED ENTRY--TOPICAL TERM | |
| Topical term or geographic name entry element | HOMEOWNERS |
| 650 ## - SUBJECT ADDED ENTRY--TOPICAL TERM | |
| Topical term or geographic name entry element | EASEMENT |
| 650 ## - SUBJECT ADDED ENTRY--TOPICAL TERM | |
| Topical term or geographic name entry element | PRESCRIPTIVE RIGHTS |
| 690 ## - LOCAL SUBJECT ADDED ENTRY--TOPICAL TERM (OCLC, RLIN) | |
| Topical term or geographic name as entry element | PROPERTY AND LAND LAW |
| 942 ## - ADDED ENTRY ELEMENTS (KOHA) | |
| Suppress in OPAC | 0 |
| Withdrawn status | Lost status | Source of classification or shelving scheme | Damaged status | Not for loan | Home library | Current library | Shelving location | Date acquired | Total Checkouts | Full call number | Barcode | Date last seen | Copy number | Price effective from | Koha item type |
|---|---|---|---|---|---|---|---|---|---|---|---|---|---|---|---|
| Dewey Decimal Classification | London | London | News article | 19/05/2004 | WB4019-16 | 126237-1001 | 06/08/2019 | 1 | 06/08/2019 | News article |